[Event "Cologne-ch 04"]
[Site "Cologne"]
[Date "2004.??.??"]
[Round "2"]
[White "Natzschka, Holger"]
[Black "Meier, Tobias"]
[Result "0-1"]
[WhiteElo "1626"]
[BlackElo "1872"]
[PlyCount "56"]
[EventDate "2004.01.??"]
[EventType "swiss"]
[EventRounds "7"]
[EventCountry "GER"]
[SourceTitle "EXT 2006"]
[Source "ChessBase"]
[SourceDate "2005.11.24"]
[SourceVersion "1"]
[SourceVersionDate "2005.11.24"]
[SourceQuality "1"]

1. d4 Nf6 2. Bg5 e6 3. Nf3 d5 4. c4 Be7 5. Nc3 0-0 6. e3 Nbd7 7. Rc1 c6 8. Bd3 dxc4 9. Bxc4 Re8 10. 0-0 Nd5 11. Bxe7 Qxe7 12. e4 Nxc3 13. bxc3 b5 14. Bd3 e5 15. Re1 a6 16. Nd2 exd4 17. cxd4 c5 18. d5 c4 19. Bf1 Ne5 20. a4 Qc5 21. axb5 axb5 22. Nb3 Qb6 23. Qd4 Qg6 24. Nd2 Ra2 25. Kh1 Qh6 26. Nf3 Ng4 27. Re2 Rxe2 28. Bxe2 Qxc1+ 0-1